000
00339nam a2200121Ia 4500
008
231129s9999||||xx |||||||||||||| ||spa||
020
_a
84-322-4545-3
082
_a
Br869.3 F676g
100
_a
Fonseca Rubem
245
0
_a
El gran arte
264
_a
Barcelona EspaƱa : Seix Barral
942
_2
ddc
_c
BKS
999
_c
11161
_d
11161